000
00237nam a22001097a 4500
041
_a
ENG
245
_a
Drying Of Farm
260
_a
Ahmedagar
_b
Department Of Agril Ang
_c
1998
300
_a
38
650
_a
APE ( 02 )
856
_u
APE ( 02 )
999
_c
2862
_d
2862